书目信息 |
| 题名: |
树木学
|
|
| 作者: | 祁承经 , 汤庚国 主编 | |
| 分册: | ||
| 出版信息: | 北京 中国林业出版社 2015 |
|
| 页数: | 649页 | |
| 开本: | 26cm | |
| 丛书名: | ||
| 单 册: | ||
| 中图分类: | S718.4 | |
| 科图分类: | ||
| 主题词: | 树木学--高等学校--教材 | |
| 电子资源: | ||
| ISBN: | 978-7-5038-7813-8 | |
| 000 | 01373nam0 2200277 450 | |
| 001 | 012015000247 | |
| 005 | 20150914162754.59 | |
| 010 | @a978-7-5038-7813-8@dCNY76.00 | |
| 100 | @a20150601d2015 em y0chiy50 ea | |
| 101 | 0 | @achi |
| 102 | @aCN@b110000 | |
| 105 | @aa z 001yy | |
| 106 | @ar | |
| 200 | 1 | @a树木学@Ashu mu xue@e南方本@dDendrology@etextbook for southern China@f祁承经,汤庚国主编@zeng |
| 205 | @a3版 | |
| 210 | @a北京@c中国林业出版社@d2015 | |
| 215 | @a649页@c图@d26cm | |
| 300 | @a全国高等农林院校“十二五”规划教材 | |
| 330 | @a本书分为三篇:第一篇总论,第二篇树种各论,第三篇中国森林树种分布概要。在树种的区域性上,本书主要面向我国南方,即秦岭—准河以南的亚热带、热带地区;同时也尽量编入我国北方地区的主要树种。在树种的选取上,主要侧重于林业生产上的重要树种,以及天然林和人工林的主要树种。在形态描述上,重视突出重点特征;在树种用途的论述上,注意到兼顾经济和生态两方面。对重要树种包含了其生物学和生态学特性的论述。第二篇共论述树种计109科,446 属,正编种856种,附种118种,共974种(含种下等级)。同时,书中共编入树种形态图883幅,禾本科形态图4幅,树种和森林分布图17幅。 | |
| 510 | 1 | @aDendrology@etextbook for southern China@zeng |
| 606 | 0 | @a树木学@x高等学校@j教材 |
| 690 | @aS718.4@v5 | |
| 701 | 0 | @a祁承经@Aqi cheng jing@4主编 |
| 701 | 0 | @a汤庚国@Atang geng guo@4主编 |
| 801 | 0 | @aCN@b碧洲教育@c20150716 |
| 905 | @a10447@f4@dS718.4@e66 | |
| 树木学:南方本=Dendrology:textbook for southern China/祁承经,汤庚国主编.-3版.-北京:中国林业出版社,2015 |
| 649页:图;26cm |
| 全国高等农林院校“十二五”规划教材 |
| ISBN 978-7-5038-7813-8:CNY76.00 |
| 本书分为三篇:第一篇总论,第二篇树种各论,第三篇中国森林树种分布概要。在树种的区域性上,本书主要面向我国南方,即秦岭—准河以南的亚热带、热带地区;同时也尽量编入我国北方地区的主要树种。在树种的选取上,主要侧重于林业生产上的重要树种,以及天然林和人工林的主要树种。在形态描述上,重视突出重点特征;在树种用途的论述上,注意到兼顾经济和生态两方面。对重要树种包含了其生物学和生态学特性的论述。第二篇共论述树种计109科,446 属,正编种856种,附种118种,共974种(含种下等级)。同时,书中共编入树种形态图883幅,禾本科形态图4幅,树种和森林分布图17幅。 |
| ● |
| 相关链接 |
|
|
|
|
正题名:树木学
索取号:S718.4/66
 
预约/预借
| 序号 | 登录号 | 条形码 | 馆藏地/架位号 | 状态 | 备注 |
| 1 | 0870096 | 208700967 | 第二样本阅览室/ [索取号:S718.4/66] | 在馆 | |
| 2 | 0870097 | 208700976 | 第三借阅区/ [索取号:S718.4/66] | 在馆 | |
| 3 | 0870098 | 208700985 | 第三借阅区/ [索取号:S718.4/66] | 在馆 | |
| 4 | 0870099 | 208700994 | 生命科学系资料室/ [索取号:S718.4/66] | 在馆 |